000 00239nam a2200109Ia 4500
005 20251222154313.0
008 251222s9999||||xx |||||||||||||| ||spa||
082 _a580/P93
100 _a"Puig, Ignacio"
245 0 _aBotánica
942 _cLIB
999 _c33490
_d33490